000 01447nam a2200349Ia 4500
003 CO-BoRNBP
005 20260404074541.0
008 200115s9999 xx 000 0 und d
020 _a9789588846569
040 _aCO-BoRNBP
_bspa
_erda
_cCO-BoRNBP
041 0 _aspa
082 0 4 _a (i) 819.3 D821c
_222
100 1 _aDubuc, Marianne, 1980
_9134777
245 0 _aEl camino de la montaña /
_ctexto e ilustraciones Marianne Dubuc ; traducción Mercedes Corral
250 _aPrimera edición
264 1 _aBogotá :
_b Alianza
_c2019
300 _bilustraciones en color
_c 22 cm
336 _2rdacontent
_atexto
_btxt
337 _2rdamedia
_asin mediación
_bn
338 _2rdacarrier
_avolumen
_bnc
490 0 _aPlan Nacional de Lectura y Escritura Leer es mi Cuento / Ministerio de Cultura
500 _aTítulo original: Le chemin de la montagne
520 _aTodos los domingos la señora Tejón sube hasta la cima del Pan de azúcar. Por el camino, recoge setas, ayuda a sus amigos y a veces encuentra compañía.
521 _aRecomendado para un público infantil mayor de 6 años
650 1 7 _aAnimales del bosque cuentos
_2LEMB
_9133343
650 1 7 _2LEMB
650 1 7 _aCuentos infantiles canadienses
_2LEMB
_ySiglo XXI
_984514
650 1 7 _aLiteratura infantil canadiense
_2LEMB
_ySiglo XXI
_995727
650 1 7 _aAnimales del bosque
_2LEMB
_94532
700 1 _aCorral, Mercedes
_etraductora
_9134778
942 _2ddc
_cLITA
999 _c3603
_d3603